Online Catalogue and eLibrary

Feminist criticism and social change : (Record no. 3097)

MARC details
000 -LEADER
fixed length control field 00536nam a2200181Ia 4500
005 - DATE AND TIME OF LATEST TRANSACTION
control field 20240829023819.0
008 - FIXED-LENGTH DATA ELEMENTS--GENERAL INFORMATION
fixed length control field 240331s9999 xx 000 0 und d
020 ## - INTERNATIONAL STANDARD BOOK NUMBER
ISBN 0416387004
082 ## - DDC Classification
Item Number - Author Mark FEM
Class No. 800
245 #0 - TITLE STATEMENT
Title Feminist criticism and social change :
Remainder of title sex, class and race in literature and culture
260 ## - PUBLICATION, DISTRIBUTION, ETC.
Place of publication, distribution, etc. New York
Name of publisher, distributor, etc. Methuen Inc,
Date of publication, distribution, etc. 1985
300 ## - PHYSICAL DESCRIPTION
Extent (e.g. Volumes, Pages etc.) xxxix, 291 p .,
650 ## - SUBJECT ADDED ENTRY--TOPICAL TERM
Topical term or geographic name entry element American Literature
650 ## - SUBJECT ADDED ENTRY--TOPICAL TERM
Topical term or geographic name entry element History and criticism
700 ## - ADDED ENTRY--PERSONAL NAME
Personal name Newton, Judith
Relator term (Role) Editor
700 ## - ADDED ENTRY--PERSONAL NAME
Personal name Rosenfelt, Deborah
Relator term (Role) Editor
942 ## - Koha item type (Biblio)
Koha item type Books in Stacks (Lending)
Holdings
Lost status Damaged status Collection code Home library Current library Shelving location Date acquired Full call number Accession Number Item type
    Lending WERC Library WERC Library Social Science Cupboard 03/31/2024 800 FEM 2128 Books in Stacks (Lending)

© WERC Library